[Event "NOR-chT 1112"]
[Site "Norway"]
[Date "2012.03.25"]
[Round "9"]
[White "Sagafos, Magne"]
[Black "Johannessen, Leif Erlend"]
[Result "0-1"]
[WhiteElo "2430"]
[BlackElo "2515"]
[PlyCount "78"]
[EventDate "2011.11.04"]
[EventType "team-tourn"]
[EventRounds "9"]
[EventCountry "NOR"]
[SourceTitle "EXT 2013"]
[Source "ChessBase"]
[SourceDate "2012.11.22"]
[SourceVersion "1"]
[SourceVersionDate "2012.11.22"]
[SourceQuality "1"]
[WhiteTeam "Porsgrunn"]
[BlackTeam "Oslo SS"]
[WhiteTeamCountry "NOR"]
[BlackTeamCountry "NOR"]

1. e4 c6 2. d4 d5 3. e5 Bf5 4. Be3 e6 5. Nd2 Nd7 6. Nb3 Ne7 7. f4 Nc8 8. a4 Be7 9. Nf3 0-0 10. Be2 a6 11. 0-0 Qc7 12. Nfd2 Bg6 13. g4 f5 14. Bd3 Qb8 15. c4 Bb4 16. Nf3 Ncb6 17. c5 Nc4 18. Bc1 b6 19. gxf5 Bxf5 20. Bxf5 exf5 21. cxb6 Qxb6 22. Qe2 Rae8 23. Qf2 Kh8 24. Kh1 Re6 25. Rg1 Be7 26. Nbd2 Rb8 27. b3 Nxd2 28. Nxd2 c5 29. Ba3 cxd4 30. Bxe7 Rxe7 31. Nf3 Nc5 32. Nxd4 Ne6 33. Rad1 Nxd4 34. Qxd4 Qxb3 35. Qxd5 Qxa4 36. e6 Qxf4 37. Rde1 g6 38. Rgf1 Qc7 39. Qd4+ Kg8 0-1

[Event "Cappelle op 23rd"]
[Site "Cappelle la Grande"]
[Date "2007.03.05"]
[Round "4"]
[White "Sagafos, Magne"]
[Black "Gareyev, Timur"]
[Result "0-1"]
[WhiteElo "2427"]
[BlackElo "2551"]
[PlyCount "70"]
[EventDate "2007.03.03"]
[EventType "swiss"]
[EventRounds "9"]
[EventCountry "FRA"]
[SourceTitle "CBM 117 Extra"]
[Source "ChessBase"]
[SourceDate "2007.05.09"]
[SourceVersion "1"]
[SourceVersionDate "2007.05.09"]
[SourceQuality "1"]

1. e4 e5 2. Nf3 Nc6 3. Bb5 a6 4. Ba4 d6 5. c3 Bd7 6. 0-0 Nge7 7. d4 Ng6 8. Re1 Be7 9. Nbd2 h6 10. Nf1 Bg5 11. Ne3 Bxe3 12. Bxe3 0-0 13. h3 Re8 14. Bc2 Qf6 15. dxe5 Ncxe5 16. Nxe5 Qxe5 17. Qd2 Bc6 18. Bd4 Qg5 19. Be3 Qh5 20. f3 Re7 21. Qf2 Rae8 22. Rad1 Ne5 23. b3 Re6 24. f4 Nd7 25. f5 Re5 26. Bd4 R5e7 27. g4 Qg5 28. Re3 Bxe4 29. h4 Qxe3 30. Bxe3 Bxc2 31. Qxc2 Rxe3 32. Qg2 R8e4 33. Rf1 Ne5 34. Kh1 Rxg4 35. Qxb7 Rh3# 0-1

[Event "NOR-chT 0607"]
[Site "Oslo"]
[Date "2007.01.14"]
[Round "6"]
[White "Sagafos, Magne"]
[Black "Tisdall, Jonathan D"]
[Result "0-1"]
[WhiteElo "2427"]
[BlackElo "2430"]
[PlyCount "80"]
[EventDate "2006.11.10"]
[EventType "team"]
[EventRounds "9"]
[EventCountry "NOR"]
[SourceTitle "EXT 2008"]
[Source "ChessBase"]
[SourceDate "2007.11.25"]
[SourceVersion "1"]
[SourceVersionDate "2007.11.25"]
[SourceQuality "1"]

1. e4 e5 2. Nf3 Nc6 3. Bb5 a6 4. Ba4 Nf6 5. 0-0 Be7 6. Re1 b5 7. Bb3 d6 8. c3 0-0 9. h3 Na5 10. Bc2 c5 11. d4 Qc7 12. Nbd2 cxd4 13. cxd4 Nc6 14. Nb3 a5 15. Be3 a4 16. Nbd2 Bd7 17. Rc1 Qb7 18. Qe2 Rfe8 19. Bd3 Rab8 20. dxe5 dxe5 21. Bc5 Nh5 22. g3 g6 23. Bxe7 Rxe7 24. Rc5 Bxh3 25. Rec1 Nb4 26. Rxb5 Qa7 27. Rxb8+ Qxb8 28. Bc4 Qb6 29. Ng5 Bd7 30. Nxf7 Kg7 31. Ng5 Nxg3 32. Qe3 Qxe3 33. fxe3 Nxa2 34. Ra1 Nb4 35. Kg2 Nh5 36. Rf1 Nc2 37. Kf2 Nf6 38. Ke2 h6 39. Kd3 Ng4 40. Ngf3 Ngxe3 0-1

[Event "Oslo ASKO op"]
[Site "Oslo"]
[Date "2006.11.26"]
[Round "4"]
[White "Sagafos, Magne"]
[Black "Sidselrud, Steinar"]
[Result "1-0"]
[WhiteElo "2310"]
[BlackElo "2045"]
[PlyCount "60"]
[EventDate "2006.11.24"]
[EventType "swiss"]
[EventRounds "5"]
[EventCountry "NOR"]
[SourceTitle "EXT 2008"]
[Source "ChessBase"]
[SourceDate "2007.11.25"]
[SourceVersion "1"]
[SourceVersionDate "2007.11.25"]
[SourceQuality "1"]

1. e4 d6 2. d4 Nf6 3. Nc3 g6 4. g3 Bg7 5. Bg2 c6 6. a4 0-0 7. Nge2 Nbd7 8. 0-0 e5 9. h3 Re8 10. d5 c5 11. Be3 Nb6 12. b3 Bd7 13. Qd2 a6 14. Rfb1 a5 15. Rf1 Nc8 16. Nd1 Nh5 17. Ra2 f5 18. f3 Nxg3 19. Nxg3 f4 20. Bf2 fxg3 21. Bxg3 Rf8 22. c4 g5 23. Kh2 Qf6 24. Nc3 Ne7 25. Rg1 Qh6 26. Ne2 Rxf3 27. Rb2 b6 28. Rh1 Rf7 29. Kg1 Ng6 30. Rb1 Nf4 1-0